Government of France (Record no. 422148)

000 -LEADER
fixed length control field 00410cam a22001337a 4500
008 - FIXED-LENGTH DATA ELEMENTS--GENERAL INFORMATION
fixed length control field 180718b1952 xxu||||| |||| 00| 0 eng d
082 ## - DEWEY DECIMAL CLASSIFICATION NUMBER
Classification number B5x44 C246
100 ## - MAIN ENTRY--PERSONAL NAME
Personal name Carter, Gwendolen M.
245 ## - TITLE STATEMENT
Title Government of France
Statement of responsibility, etc. by Gwendolen M. Carter
260 ## - PUBLICATION, DISTRIBUTION, ETC.
Place of publication, distribution, etc. Calcutta
Name of publisher, distributor, etc. World Press
Date of publication, distribution, etc. 1952
300 ## - PHYSICAL DESCRIPTION
Extent 292p
650 ## - SUBJECT ADDED ENTRY--TOPICAL TERM
Topical term or geographic name entry element France --Politics and government --1958-1969.
650 ## - SUBJECT ADDED ENTRY--TOPICAL TERM
Topical term or geographic name entry element France --Politics and government
Holdings
Withdrawn status Lost status Damaged status Not for loan Permanent Location Current Location Date acquired Full call number Barcode Date last seen Price effective from Koha item type
        Indian Institute of Public Administration Indian Institute of Public Administration 2009-08-17 B5x44 C246 75 2018-07-21 2018-07-21 Book

Powered by Koha